Identification of Concealed weapon detection in human body using infrared images / (Record no. 212158)
[ view plain ]
| 000 -LEADER | |
|---|---|
| fixed length control field | 00812 a2200193 4500 |
| 003 - CONTROL NUMBER IDENTIFIER | |
| control field | NUST |
| 005 - DATE AND TIME OF LATEST TRANSACTION | |
| control field | 20251216181955.0 |
| 040 ## - CATALOGING SOURCE | |
| Transcribing agency | Nust |
| 082 ## - DEWEY DECIMAL CLASSIFICATION NUMBER | |
| Classification number | 621.382,SAA |
| 100 ## - MAIN ENTRY--PERSONAL NAME | |
| Personal name | Saadat Ali Khan, GC Fazal TCC-22 |
| 9 (RLIN) | 132341 |
| 245 ## - TITLE STATEMENT | |
| Title | Identification of Concealed weapon detection in human body using infrared images / |
| Remainder of title | GC Fazal Saadat Ali Khan, GC Mussab Sabir, GC Haseeb Bin Saleem, FC Abu Bakar and FC Arhouma TCC-22 |
| 260 ## - PUBLICATION, DISTRIBUTION, ETC. | |
| Place of publication, distribution, etc. | Rawalpindi |
| Name of publisher, distributor, etc. | MCS (NUST) |
| Date of publication, distribution, etc. | June 2014 |
| 300 ## - PHYSICAL DESCRIPTION | |
| Extent | xi:56 p.' |
| 505 ## - FORMATTED CONTENTS NOTE | |
| Formatted contents note | Introduction (Page-1), Literature Review (Page-7), Design and Development (Page-17), Project Analysis and Evolution (Page-35), Future Work and Conclusion (Page-43). |
| 650 ## - SUBJECT ADDED ENTRY--TOPICAL TERM | |
| Topical term or geographic name entry element | UG Project |
| 9 (RLIN) | 131132 |
| 651 ## - SUBJECT ADDED ENTRY--GEOGRAPHIC NAME | |
| Geographic name | TCC-22 |
| 9 (RLIN) | 131223 |
| 700 ## - ADDED ENTRY--PERSONAL NAME | |
| Personal name | Supervised by Dr. Adil Masood |
| 9 (RLIN) | 132184 |
| 942 ## - ADDED ENTRY ELEMENTS (KOHA) | |
| Koha item type | Project Report |
| Source of classification or shelving scheme | |
| Withdrawn status | Lost status | Source of classification or shelving scheme | Damaged status | Not for loan | Permanent Location | Current Location | Shelving location | Date acquired | Full call number | Barcode | Date last seen | Price effective from | Koha item type | Public note |
|---|---|---|---|---|---|---|---|---|---|---|---|---|---|---|
| Military College of Signals (MCS) | Military College of Signals (MCS) | Reference | 12/12/2016 | 621.382,SAA | MCSPTC-212 | 12/08/2016 | 12/12/2016 | Project Report | Almirah No. 94, Shelf No. 4 |
